| 000 | 03470cam a22012374i 4500 | ||
|---|---|---|---|
| 003 | PE-LiUPU | ||
| 005 | 20250813185431.0 | ||
| 008 | 190808s2019 mx a rb 00| 0 spa d | ||
| 020 | _a6074487421 | ||
| 020 | _a9786074487428 | ||
| 035 | _a(Sirsi) a252434 | ||
| 040 |
_aPE-LiUPU _bspa _cPE-LiUPU _erda |
||
| 049 | _aPRUA | ||
| 082 | 0 | 4 |
_a362.29 _bJ81 _222 |
| 100 | 1 |
_aJuárez González, Jorge, _eautor. |
|
| 245 | 1 | 3 |
_aLa huella del placer : _bde la regulación a la adicción / _cJorge Juárez González. |
| 264 |
_aGuadalajara : _bUniversidad de Guadalajara, _c2019. |
||
| 300 |
_axi, 394 páginas : _bilustraciones ; _c23 centímetros |
||
| 336 |
_atext _2rdacontent |
||
| 337 |
_aunmediated _2rdamedia |
||
| 338 |
_avolume _2rdacarrier |
||
| 504 | _aBibliografía al final de cada capítulo. | ||
| 504 | _aÍndice: páginas 391-394. | ||
| 505 | 0 | _aNeurología del etano: implicación de sus deribados metaboñicos -- Interacción entre el sistema opioide endógeno y el consumo de alcohol: persistencia de los genes y adaptación -- Psicoestimulantes: efectos, uso terapéuticoy potencial adictivo -- derivados anfetaminicos -- Uso de la marihuana y sus efectos obre el cerebro y la conducta -- Alteraciones neurofuncionales y de conductas relacionadas con el abuso en el consumo de drogas -- El lado oscuro del placer: neurotoxicidad de las drogas de abuso -- La sobrealimnetación. | |
| 526 | _aP202 | ||
| 526 | _aP201 | ||
| 526 | _aP163 | ||
| 526 | _aP162 | ||
| 526 | _aP161 | ||
| 526 | _aP160 | ||
| 526 | _aP148 | ||
| 526 | _aP147 | ||
| 526 | _aP146 | ||
| 526 | _aP145 | ||
| 526 | _aP144 | ||
| 526 | _aP143 | ||
| 526 | _aP142 | ||
| 526 | _aP141 | ||
| 526 | _aP140 | ||
| 526 | _aP139 | ||
| 526 | _aP138 | ||
| 526 | _aP137 | ||
| 526 | _aP136 | ||
| 526 | _aP135 | ||
| 526 | _aP134 | ||
| 526 | _aP133 | ||
| 526 | _aP129 | ||
| 526 | _aP128 | ||
| 526 | _aP127 | ||
| 526 | _aP120 | ||
| 526 | _aP119 | ||
| 526 | _aP118 | ||
| 526 | _aP116 | ||
| 526 | _aP115 | ||
| 526 | _aP114 | ||
| 526 | _aP110 | ||
| 526 | _aP109 | ||
| 526 | _aP108 | ||
| 526 | _aP104 | ||
| 526 | _aP103 | ||
| 526 | _aP102 | ||
| 526 | _aP99 | ||
| 526 | _aP98 | ||
| 526 | _aP97 | ||
| 526 | _aP96 | ||
| 526 | _aP95 | ||
| 526 | _aP93 | ||
| 526 | _aP90 | ||
| 526 | _aP89 | ||
| 526 | _aP88 | ||
| 526 | _aP83 | ||
| 526 | _aP82 | ||
| 526 | _aP62 | ||
| 526 | _aP59 | ||
| 526 | _aP58 | ||
| 526 | _aP57 | ||
| 526 | _aP51 | ||
| 526 | _aP49 | ||
| 526 | _aP48 | ||
| 526 | _aP47 | ||
| 526 | _aP29 | ||
| 526 | _aP24 | ||
| 526 | _aP20 | ||
| 526 | _aP19 | ||
| 526 | _aP17 | ||
| 526 | _aP15 | ||
| 526 | _aP14 | ||
| 526 | _aP12 | ||
| 526 | _aP10 | ||
| 526 | _aP09 | ||
| 526 | _aP08 | ||
| 526 | _aP07 | ||
| 526 | _aP06 | ||
| 526 | _aP05 | ||
| 526 | _aP04 | ||
| 526 | _aP01 | ||
| 541 | _g002-00001572; | ||
| 650 | 1 | 4 |
_aAbuso de drogas _xAspectos sociales. |
| 650 | 1 | 4 |
_aAbuso de drogas _xAspectos psicológicos. |
| 650 | 2 | 4 | _aAdicciones (Psicología). |
| 650 | 2 | 4 |
_aPlacer _xAspectos psicológicos. |
| 650 | 2 | 4 |
_aDependencia (Psicología). _91877 |
| 596 | _a1 | ||
| 942 |
_2ddc _cBOOK |
||
| 999 |
_a362.29 J81 _wDEWEY _c31661 _i80513 _f2021-11-3 _g3 _lCCODEBUL1 _mBUL _p30.68 _r0 _sY _tBOOK _u2019-8-8 _xSALUD _zP33 _0COMPRA _1FCOMPR3 _o.STAFF. Colección Ciencias de la Salud _d31661 |
||
| 980 |
_81 _gALBERTO SANCHEZ Responsable de Automatización |
||